Statistics for Every Unovan Legendary and Mythical Pokémon

Click here to take the quiz!

General Stats

  • This quiz has been taken 8 times
  • The average score is 9 of 12

Answer Stats

HintAnswer% Correct
644Zekrom
100%
642Thundurus
88%
638Cobalion
75%
646Kyurem
75%
645Landorus
75%
639Terrakion
75%
641Tornadus
75%
640Virizion
75%
649Genesect
63%
647Keldeo
63%
648Meloetta
63%
643Reshiran
25%

Score Distribution

Percentile by Number Answered

Percent of People with Each Score

Your Score History

You have not taken this quiz